00976nas a22002297a 4500999001500000003000400015005001700019008004100036040002400077245008100101260004700182300002400229490001300253500004700266500005300313650004200366650004200408710007400450856010000524942001500624952010700639 c7135d7135OSt20231121120538.0180502m20139999sp a| pss|||| 000 |spa|d aES-BaCBUbcatcCDMR00aInforme sobre el estado de la cultura en España ...h[Recurs electrònic] aMadrid :bFundación Alternativas,c2013- aRecurs electrònic1 aInformes aCada informe porta un títol monogràfic aDescripció del recurs: el 13 de juliol de 201604aCultura espanyolaxHistòriayS. XXI 4aIndústries culturalszEspanya941712 aFundación AlternativasbObservatorio Cultura y Comunicación9324840zAccés en líniauhttps://fundacionalternativas.org/publicaciones/?categories=7&tipos=Informe cSER-E2udc 00104070aCDMRbCDMRd2018-05-02eDonaciól0oDisponible en líniar2018-05-02w2018-05-02ySER-E